Statistics for Synonyms A-Z #2

Click here to take the quiz!

General Stats

  • This quiz has been taken 190 times
    (161 since last reset)
  • The average score is 20 of 25

Answer Stats

LetterWordSynonyms% Correct
CPoliceCops / Constable / Constabulary / Copper
95%
KChildKid
94%
LBigLarge
92%
MCurrencyMoney / Moolah
92%
YShoutYell
92%
OFatObese / Overweight
91%
TGarbageTrash
91%
RWealthyRich
90%
DCanineDog
88%
VCarVehicle
84%
ZNothingZero / Zilch / Zip / Zot
82%
ISalaryIncome
81%
PStudentPupil
81%
QInquiryQuestion
80%
HPeopleHumans
77%
SDiseaseSickness / Syndrome
77%
BAlcoholBooze / Beverage
75%
GDeityGod
75%
FStoryFable / Fantasy / Feature / Fiction / Folktale
71%
ETeacherEducator
70%
WKnowledgeWisdom
69%
UGrotesqueUgly / Unsightly
65%
JCoffeeJava / Joe
59%
AMissingAbsent
54%
NWriterNovelist
49%

Score Distribution

Percentile by Number Answered

Percent of People with Each Score

Your Score History

You have not taken this quiz since the last reset